000 00508nam a2200169 i 4500
001 74702
003 ES-MaACL
005 20230906172223.0
007 t|
008 040920s1949 sp ||||1| spa d
100 1 _aGordo Moreno, Angel.
_959152
245 1 0 _aCantos de amor y de dolor de España /
_cpor Angel Gordo Moreno.
250 _a4ªed. aum.
260 _aAlcalá de Henares :
_b[s.n.,
_c1949] (
_fTall. Penitenciarios)
300 _a92 p., 1 lám. ;
_c20 cm.
852 _aES-MaACL
_jD-8287
_bR.33084
999 _c74702
_d74702